শিক্ষা দর্শন / (Record no. 6199)
[ view plain ]
| 000 -LEADER | |
|---|---|
| fixed length control field | 00744nam a2200217 a 4500 |
| 001 - CONTROL NUMBER | |
| JCCL Control Number | 6199 |
| 003 - CONTROL NUMBER IDENTIFIER | |
| JCCL marc code | BD-JhCC |
| 005 - DATE AND TIME OF LATEST TRANSACTION | |
| control field | 20180116181228.0 |
| 008 - FIXED-LENGTH DATA ELEMENTS--GENERAL INFORMATION | |
| fixed length control field | 180116s1980 bg |||| ||a| 000 0 ben d |
| 035 ## - SYSTEM CONTROL NUMBER | |
| system control number | (BD-JhCC)6199 |
| 040 ## - CATALOGING SOURCE | |
| Original cataloging agency | BD-JhCC |
| Modifying agency | BD-JhCC |
| 041 ## - LANGUAGE CODE | |
| Language code of Book | ben |
| 082 ## - DEWEY DECIMAL CLASSIFICATION NUMBER | |
| Classification number | 370.7 |
| Author mark and Year | RAH 1980 |
| 100 ## - MAIN ENTRY--PERSONAL NAME | |
| Personal name | রহমান, ডক্টর খোন্দকার মুস্তাফিজুর |
| 245 ## - TITLE STATEMENT | |
| Title | শিক্ষা দর্শন / |
| Statement of responsibility, etc | ডক্টর খোন্দকার মুস্তাফিজুর রহমান |
| 260 ## - PUBLICATION, DISTRIBUTION, ETC. (IMPRINT) | |
| Place of publication, distribution, etc | ঢাকা : |
| Name of publisher, distributor, etc | বাংলা একাডেমী, |
| Date of publication, distribution, etc | ১৯৮০. |
| 300 ## - PHYSICAL DESCRIPTION | |
| Pagination | 335 p. : |
| Dimensions | 21 cm. |
| 650 ## - SUBJECT ADDED ENTRY--TOPICAL TERM | |
| Topical term or geographic name as entry element | Educartion Phychology |
| 942 ## - ADDED ENTRY ELEMENTS (KOHA) | |
| Source of classification or shelving scheme | Dewey Decimal Classification |
| Koha item type | Books |
| Source of classification or shelving scheme | Damaged status | Not for loan | Home library | Current library | Shelving location | Date of accession | Cost, normal purchase price | Total Checkouts | Full call number | Barcode | Date last seen | Copy number | Koha item type |
|---|---|---|---|---|---|---|---|---|---|---|---|---|---|
| Dewey Decimal Classification | JCC Rouf Library | JCC Rouf Library | General Stacks | 12/16/2018 | 25.00 | 370.7 RAH 1980 | 1047 | 01/16/2018 | C-1 | Books |